<?xml version="1.0" encoding="UTF-8"?>
<collection xmlns="http://www.loc.gov/MARC21/slim">
 <record>
  <leader>01596nab a2200193 i 4500</leader>
  <controlfield tag="001">acta29738</controlfield>
  <controlfield tag="005">20210505154605.0</controlfield>
  <controlfield tag="008">161017s2009    hu      o     0||   hun d</controlfield>
  <datafield tag="022" ind1=" " ind2=" ">
   <subfield code="a">1789-6339</subfield>
  </datafield>
  <datafield tag="040" ind1=" " ind2=" ">
   <subfield code="a">SZTE Egyetemi Kiadványok Repozitórium</subfield>
   <subfield code="b">hun</subfield>
  </datafield>
  <datafield tag="041" ind1=" " ind2=" ">
   <subfield code="a">hun</subfield>
  </datafield>
  <datafield tag="100" ind1="1" ind2=" ">
   <subfield code="a">Pál Viktor</subfield>
  </datafield>
  <datafield tag="245" ind1="1" ind2="0">
   <subfield code="a">Új megközelítési módok, kutatási irányok a nemzetközi egészségföldrajzban</subfield>
   <subfield code="h">[elektronikus dokumentum] /</subfield>
   <subfield code="c"> Pál Viktor</subfield>
  </datafield>
  <datafield tag="260" ind1=" " ind2=" ">
   <subfield code="c">2009</subfield>
  </datafield>
  <datafield tag="300" ind1=" " ind2=" ">
   <subfield code="a">21-28</subfield>
  </datafield>
  <datafield tag="490" ind1="0" ind2=" ">
   <subfield code="a">Közép-európai közlemények</subfield>
   <subfield code="v">2 No. 4-5</subfield>
  </datafield>
  <datafield tag="520" ind1="3" ind2=" ">
   <subfield code="a">In  the  last  decade  a  lot  of  changes  were  noticeable  in  geography  of  health.  These changes were partly approach-like, and – on the other hand – the former topics increased. In  the  paper  I  survey  the  most  important  changes.  I  enhance  the  question  of  „place”,  the role  of  social  science  theories,  appearance  of  critical  approach,  and  some  new  research subject and trend.  I  survey  the  theories’ influence  on  the  new  trends.  In  the course of this,  I  demonstrate the diseases’ political ecology, the nursing’s geography of health, the regional medicometry, the handicapped people’s geography of health. These patterns demonstrate the changes of the international geography of health. On  the  other  hand,  the  paper  hasn’t  got  the  purpose  of  demonstrating  the  process  of medical geography turning into geography of health.</subfield>
  </datafield>
  <datafield tag="695" ind1=" " ind2=" ">
   <subfield code="a">Szónokyné Ancsin Gabriella, Orvostudomány, Földrajz</subfield>
  </datafield>
  <datafield tag="856" ind1="4" ind2="0">
   <subfield code="u">http://acta.bibl.u-szeged.hu/29738/1/kek_006_007_021-028.pdf</subfield>
   <subfield code="z">Dokumentum-elérés </subfield>
  </datafield>
 </record>
</collection>
